000 00524nam a2200205 a 4500
005 20210223123946.0
008 991125n 000 0 spa u
035 _aUPN01000086395
100 1 _aIngenieros, José,
_d1877-1925
_928562
222 _aEDUCACION :
_bREVISTA MENSUAL
245 _aMaestro
260 _aMéxico
300 _a343-346
362 0 _a[1924] Vol. 1, nos. 5-6, ene.-feb.
653 0 _aMAESTROS
653 0 _aPRACTICA DOCENTE
653 0 _aVOCACION
904 _aAC
_b024206
905 _aArticulo
999 _c72310
_d72310